000 00477cam a2200193ua 4500
001 5681
005 20260515113924.0
008 131028n ii |||gr||||Z||||||asm
040 _cMAIN
082 _a954.162
245 _aLachit Barphukan
_cBy Suryakumar Bhuyan
250 _a6th ed.
260 _aGuwahati:
_bPublication Board Assam,
_c2006.
300 _ax,198p.
653 _aHistory
653 _aLachit Barphukan
700 _aBhuyan,Suryakumar,
_eAuthor.
942 _cBK
999 _c4836
_d4836